000 00804cab a2200229 4500
001 WB3036-19
008 090401t1994 xxu||||| |||| 00| 0 eng d
035 _a(Sirsi) u58129
041 _aeng
245 _aLender liability
260 _c1994
350 _a0
490 _aFinancial Times
_v28 September 1994, 22(1)
520 _aA global UNEP survey shows that banks` environmental policies focus predominantly on credit risk management, rather than green issues. The main issue at a meeting of the world`s biggest banks this week has been lender liability and how to avoid it.
650 _aCOMMERCIAL BANKS
650 _aCREDIT RISK MANAGEMENT
650 _aLENDER LIABILITY
650 _aUNEP
690 _aPROPERTY-PROPERTY FINANCE AND INVESTMENT
942 _n0
948 _c04/03/1997
999 _c35463
_d35463